Topologische lineare Raume
Αποθηκεύτηκε σε:
| Κύριος συγγραφέας: | |
|---|---|
| Μορφή: | Βιβλίο |
| Γλώσσα: | German |
| Δημοσίευση: |
Berlin ; New York :
Springer-Verlag,
1966-
|
| Σειρά: | Grundlehren der mathematischen Wissenschaften in Einzeldarstellungen mit besonderer Berucksichtigung der Anwendungsgebiete ;
107 |
| Θέματα: | |
| Ετικέτες: |
Προσθήκη ετικέτας
Δεν υπάρχουν, Καταχωρήστε ετικέτα πρώτοι!
|
MARC
| LEADER | 00000cam a2200000 i 4500 | ||
|---|---|---|---|
| 001 | 1/51268 | ||
| 008 | 980819s1966 dm | ||| |||| ||ger|| | ||
| 035 | |l 10044097 | ||
| 040 | |a GR-MyUa |b gre |e AACR2 | ||
| 041 | 0 | |a ger | |
| 082 | 7 | |a 515.73 |2 (22) | |
| 100 | 1 | |a Kothe, Gottfried, |d 1905-1989. | |
| 245 | 1 | 0 | |a Topologische lineare Raume / |c Dr. Gottfried Kothe. |
| 260 | |a Berlin ; |a New York : |b Springer-Verlag, |c 1966- | ||
| 300 | |a xii, 456 σ. ; |c 24 εκ. | ||
| 490 | 1 | |a (Grundlehren der mathematischen Wissenschaften in Einzeldarstellungen mit besonderer Berucksichtigung der Anwendungsgebiete ; |v 107) | |
| 500 | |a Περιέχει βιβλιογραφικές αναφορές. | ||
| 650 | 0 | |a Linear topological spaces. | |
| 767 | 0 | 8 | |i Μεταφρασμένο ως: |t Topological vector spaces I / |
| 830 | 0 | |a Grundlehren der mathematischen Wissenschaften in Einzeldarstellungen mit besonderer Berucksichtigung der Anwendungsgebiete ; |v 107 | |
| 852 | |a INST |b SAMOS |e 19980819 |h 515.73 KOT |p 005300009640 |q 005300009640 |t BK |y 0 |z v.1 | ||
| 852 | |a INST |b SAMOS |e 19980819 |h 515.73 KOT |p 005300009640 |q 005300009640 |t BK |v v.1: |y 0 |z v.1 | ||
| 853 | |a INST |b SAMOS |h 515.73 KOT | ||
| 901 | |a BIBL-1998-2 | ||
| 922 | |a 3ΕΛΗ |b 199808 |c ΒΙΒΛΙΟΘΗΚΗ |d ΚΩΣΤΑΡΑΚΗΣ | ||